Swargavazhi (Record no. 156206)
[ view plain ]
| 000 -LEADER | |
|---|---|
| fixed length control field | 00290nam a22001337a 4500 |
| 003 - CONTROL NUMBER IDENTIFIER | |
| control field | OSt |
| 082 ## - DEWEY DECIMAL CLASSIFICATION NUMBER | |
| Classification number | 814 |
| Item number | WAH/SW |
| 100 ## - MAIN ENTRY--PERSONAL NAME | |
| Personal name | Wahab, A A |
| 245 ## - TITLE STATEMENT | |
| Title | Swargavazhi |
| Remainder of title | /സ്വര്ഗവഴി |
| 500 ## - GENERAL NOTE | |
| General note | Svargavazhi |
| 546 ## - LANGUAGE | |
| Language note | Malayalam |
| 650 ## - SUBJECT ADDED ENTRY--TOPICAL TERM | |
| Topical term or geographic name as entry element | Essays |
| 942 ## - ADDED ENTRY ELEMENTS (KOHA) | |
| Source of classification or shelving scheme | Dewey Decimal Classification |
| Koha item type | Books (General) |
| Lost status | Source of classification or shelving scheme | Damaged status | Not for loan | Collection code | Home library | Current library | Shelving location | Date acquired | Cost, normal purchase price | Total Checkouts | Full call number | Barcode | Date last seen | Koha item type |
|---|---|---|---|---|---|---|---|---|---|---|---|---|---|---|
| Dewey Decimal Classification | General | KAU Central Library, Thrissur | KAU Central Library, Thrissur | General | 10/07/2017 | 150.00 | 814 WAH/SW | 227327 | 10/07/2017 | Books (General) |
